000 02884cam a2200313 a 4500
003 EG-GiCUC
005 20250223031644.0
008 170130s2016 ua f m 000 0 ara d
040 _aEG-GiCUC
_bara
_cEG-GiCUC
041 0 _aara
049 _aايداع
097 _aدكتوراه
099 _aCai01.04.04.Ph.D.2016.مح.و
100 0 _aمحمد الله بهادر
245 1 2 _aالوضع القانونى لقوات حفظ السلام الدولى ف{u٠٦أأ} ظل التنظيم الدولي المعاصر /
_cمحمد الله بهادر ؛ اشراف أحمد أبوالوفا محمد
260 _aالقاهرة :
_bمحمد الله بهادر
_c2016
300 _a615ص ؛
_c25سم
502 _aاطروحة (دكتوراه) - جامعة القاهرة - كلية الحقوق - قسم القانون الدولى العام
520 _aتزامنت الفوضي والحرب مع ظهور الانسانية في وجه الارض فلا يمكن السيطرة عليها الا عن طريق استخدام الوسايل التي تحفظ الامان والسلام في الدول. وجود المصالح المتضادة والمنافع المتعارضة بين الاقوياء يهدد السلم والامن. فالدراسة قدمت بديلا تعالج هذه الظاهر الدولية المهددة بطريقة سلمية وقانونية ويتمثل في انشاء واستخدام عمليات وقوات حفظ السلام في ميدان العمل ونشرها في المناطق المتنازعة لكي تسيطر علي الاطراف المتقاتلة. طبقت الدراسة المواثيق الدولية والمنظمات الدولية والاقليمية في حل الصراعات والنزاعات وانتهت الدراسة ان تلبية حاجة المجتمعات الدولية ملحة و تتطلب تدخلات قانونية وسلمية. ولما اثبتت ان ارتباط حالت السلام بالاجراءات المقيدة والمحددة والمحكمة تساعد تحقيق الاهداف المشروعة المتغيات من تطبيق القواعد والمواثيق علي اعضاء العمليات. وبالتالي فان قوات حفظ السلام والتي تكون مستخدمة في اطار المواثيق الدولية والقانون الدولي العام مشروعة وتتمتع من شرعية دولية في اعمالها.
530 _aصدر ايضا كقرص مدمج
653 4 _aالسوابق السياسية للقوات
653 4 _aالمواثيق الدولية
653 4 _aعمليات حفظ السلام
700 0 _aأحمد أبوالوفا محمد :
_eمشرف
856 _uhttp://172.23.153.220/th.pdf
905 _aNazla
_eRevisor
905 _aSoheir
_eCataloger
942 _2ddc
_cTH
999 _c59616
_d59616